000 00391nam a2200145Ia 4500
008 230917s9999||||xx |||||||||||||| ||und||
040 _e126176
_aMAIN
041 _aEnglish
082 _a647.94 S52H
100 _aSchmid, Albert W A
245 0 _aHospitality manager's guide to wines, beers and spirits
260 _aNew Delhi
_bPearson Education
_c2007
300 _a303 p.
942 _cBK
999 _c152497
_d152497